Guntur district 1788-1848 (Record no. 1446501)

MARC details
000 -LEADER
fixed length control field 00553nam a2200193Ia 4500
005 - DATE AND TIME OF LATEST TRANSACTION
control field 20250923145042.0
008 - FIXED-LENGTH DATA ELEMENTS--GENERAL INFORMATION
fixed length control field 008 250917s9999 xx 000 0 eng d
037 ## - SOURCE OF ACQUISITION
Stock number Textual
040 ## - CATALOGING SOURCE
Original cataloging agency DSWL
Language of cataloging eng
Transcribing agency DSWL
041 ## - LANGUAGE CODE
Language code of text/sound track or separate title eng
Source of code eng
084 ## - COLON CLASSIFICATION NUMBER
Classification number V2182:1.M5, KS
Assigning agency DSWL
100 ## - MAIN ENTRY--PERSONAL NAME
Personal name Frykenberg, R.E.
9 (RLIN) 831301
245 #0 - TITLE STATEMENT
Title Guntur district 1788-1848
Statement of responsibility, etc. by R.E. Frykenberg
260 ## - PUBLICATION, DISTRIBUTION, ETC.
Place of publication, distribution, etc. Oxford
Name of publisher, distributor, etc. Clarendon Press
Date of publication, distribution, etc. 1965
365 ## - TRADE PRICE
Price type code INR
Price amount 45
925 ## -
-- 45
942 ## - ADDED ENTRY ELEMENTS (KOHA)
Koha item type Textual
Classification part V2182:1.M5, KS
Holdings
Withdrawn status Lost status Damaged status Not for loan Home library Current library Date acquired Inventory number Total Checkouts Full call number Barcode Date last seen Price effective from Koha item type
        Department of Social Work Library Department of Social Work Library 2025-09-23 Q/334/66 23/05/1966   V2182:1.M5, KS SW0012052 2025-09-23 2025-09-23 Textual
Copyright @ Delhi University Library System